| 000 | 00422nam a2200157Ia 4500 | ||
|---|---|---|---|
| 008 | 221030s9999 xx 000 0 und d | ||
| 020 | _a817808113 | ||
| 041 | _aEnglish | ||
| 082 |
_a105.23 _bKnu |
||
| 100 | _aD. E. Knuth | ||
| 245 | 4 |
_aThe Art of Computer Programming Vol I : Fundamental Algorithms _cby D. E. Knuth |
|
| 260 |
_bAddison Wesley _aNew Delhi _c2001 |
||
| 300 | _a650 | ||
| 650 | _aBE Computer | ||
| 942 | _cBK | ||
| 999 |
_c2635 _d2635 |
||